Production management / (Record no. 342960)

000 -LEADER
fixed length control field 00895 a2200193 4500
020 ## - INTERNATIONAL STANDARD BOOK NUMBER
International Standard Book Number 8123901852
020 ## - INTERNATIONAL STANDARD BOOK NUMBER
International Standard Book Number 9788123901855
090 ## - LOCALLY ASSIGNED LC-TYPE CALL NUMBER (OCLC); LOCAL CALL NUMBER (RLIN)
-- 398
-- 398
100 1# - MAIN ENTRY--PERSONAL NAME
Personal name K.K., Ahuja.
245 10 - TITLE STATEMENT
Title Production management /
Statement of responsibility, etc. Ahuja K.K.
260 ## - PUBLICATION, DISTRIBUTION, ETC.
Place of publication, distribution, etc. [S.l.] :
Name of publisher, distributor, etc. CBS Publishers & Distributors,
Date of publication, distribution, etc. 2004.
300 ## - PHYSICAL DESCRIPTION
Extent 960 p. ;
Dimensions 22 cm.
500 ## - GENERAL NOTE
General note Paperback.
520 ## - SUMMARY, ETC.
Summary, etc. 1. Production Management 2. Production Process 3. Production System 4. Production Planning and Control 5. Production Planning and Control Functions 6. Pr6duction Planning and Control A System of Management 7. Net work Analysis Programme Evaluation Review.
650 #4 - SUBJECT ADDED ENTRY--TOPICAL TERM
Topical term or geographic name entry element Business & Investing / Management.
856 40 - ELECTRONIC LOCATION AND ACCESS
Materials specified Amazon.com
Uniform Resource Identifier <a href="http://www.amazon.com/exec/obidos/ASIN/8123901852/chopaconline-20">http://www.amazon.com/exec/obidos/ASIN/8123901852/chopaconline-20</a>
856 40 - ELECTRONIC LOCATION AND ACCESS
Materials specified Amazon customer reviews
Uniform Resource Identifier <a href="http://www.chopac.org/cgi-bin/tools/azrev.pl?q=8123901852">http://www.chopac.org/cgi-bin/tools/azrev.pl?q=8123901852</a>
942 ## - ADDED ENTRY ELEMENTS (KOHA)
Institution code [OBSOLETE] NBS
Koha item type Book
Call number prefix 658.5 AHU
Holdings
Withdrawn status Lost status Damaged status Not for loan Permanent Location Current Location Date acquired Total Checkouts Full call number Barcode Date last seen Price effective from Koha item type
        Central Library (CL) Central Library (CL) 08/28/2013   658.5 AHU NBS2685 08/28/2013 08/28/2013 Book
© 2023 Central Library, National University of Sciences and Technology. All Rights Reserved.